000 00664nam a2200217Ia 4500
003 GCL
008 140319s9999 xx 000 0 ara d
040 _aGCL /
_cGCL
082 0 4 _aق
_b069.9355
_bهـ م
100 1 _aهيئة الاثار المصرية
245 1 0 _aمتحف الشرطة القومى /
_cهيئة الاثار المصرية
700 1 _aوزارة الداخلية
260 _a[S.N] :
_bهيئة الاثار المصرية
490 _a
650 0 4 _aمصر
650 0 4 _aالاسلحة
650 0 4 _aالاثار الاسلامية
650 0 4 _aالاثار الفرعونية
650 0 4 _aالمتاحف
942 _2ddc
_cBK
999 _c58040
_d58040